000 00329nam a2200133Ia 4500
100 _aLiffenbeck John
942 _cBK
654 _a8086 & 8088 family
245 _a8086 & 8088 family : Design Programming & Interfacing
260 _bprentice hall
_aNew Delhi
_c1994
082 _a4.16
_bPAN
546 _aENGLISH
999 _c18057
_d18057